000 00859nab a2200241 uc4500
001 573069
005 20241108090419.0
008 991203e19971201 spa
035 _a573069
035 _a(OCoLC)819821535
040 _ccomduadb
041 _aspa
100 1 0 _aQuesada Martín, Julio
_4aut
_eaut
_9305889
245 1 0 _aNietzsche contra Heidegger: Elementos ontologicos y politicos para un dialogo con Hannah Arendt
600 1 4 _aArendt, Hannah,
_d1906-1975
_9239229
600 1 4 _aNietzsche, Friedrich,
_d1844-1900
_9856386
600 1 4 _aHeidegger, Martin,
_d1889-1976
_9238054
650 _aSilencio
_927687
650 7 _aOntología
_2lemb
_91524
650 7 _aNacionalsocialismo
_2lemb
_932372
773 0 _tRevista de Filosofía (Madrid)
_gVolumen 10, Número 18, Diciembre de 1997, p. 113-132
_w119735
_x0034-8244
_071355
942 _cARIMP
999 _c136997
_d136997